000 00582nam a22001817a 4500
999 _c189486
_d189486
005 20220701160207.0
010 _aENG-133419
020 _a9789354790034
_c750.00
035 _aEN-116751
037 _bDBAD/PUB
082 _a934
100 _aMajumdar, Rohit
245 _aAncient Indian History:
_b7000 BCE to Islmic Settlement
_cRohit Majumdar
260 _aNew Delhi
_bSage Publications India Pvt. Ltd
_c2021
270 _aB1/I-I Mohan Cooperative Industrial Area Mathura Road
_bNew Delhi
_e110044
300 _avp.
_c24cm(pbk)
942 _2ddc
_cEN
_h934
_mMAJ